Notas sobre las ciencias sociales en Centroamerica

Sparad:
Bibliografiska uppgifter
Materialtyp: Text
Publicerad: s.l.: s.e.
Taggar: Lägg till en tagg
Inga taggar, Lägg till första taggen!

MARC

LEADER 00000 a a2200000 04500
001 25197
003
040
090 |a 182100  
245 |a Notas sobre las ciencias sociales en Centroamerica  
260 |a s.l.:   |b s.e.  
300 |a 75 p.   |b **no definido**   |b fonodiscos  
999 |c 12709  |d 12709